Loading...
| Literature - American | 0 | 9 | 0 | 1 | 90 | 83 | 124.00 | 8 | 9 | 0.00 | 0.00 |
| Philosophy | 0 | 8 | 0 | 0 | 80 | 73 | 107.75 | 6 | 8 | 0.00 | 0.00 |
| Science - Chemistry | 0 | 8 | 2 | 1 | 70 | 85 | 106.25 | 6 | 8 | 0.00 | 0.00 |
| Literature - World | 0 | 7 | 1 | 1 | 65 | 106 | 128.00 | 4 | 7 | 0.00 | 0.00 |
| Science - Other | 0 | 6 | 1 | 0 | 55 | 35 | 67.17 | 5 | 6 | 0.00 | 0.00 |
| Science - Physics | 0 | 6 | 1 | 0 | 55 | 69 | 85.00 | 5 | 6 | 0.00 | 0.00 |
| Science - Biology | 0 | 5 | 0 | 1 | 50 | 84 | 103.20 | 3 | 5 | 0.00 | 0.00 |
| Fine Arts - Painting and Sculpture | 0 | 5 | 1 | 1 | 45 | 119 | 131.00 | 3 | 5 | 0.00 | 0.00 |
| History - World | 0 | 3 | 0 | 2 | 30 | 113 | 123.00 | 0 | 3 | 0.00 | 0.00 |
| Literature - British | 0 | 3 | 0 | 0 | 30 | 112 | 124.33 | 3 | 3 | 0.00 | 0.00 |
| Religion | 0 | 3 | 1 | 0 | 25 | 110 | 120.33 | 2 | 3 | 0.00 | 0.00 |
| Fine Arts - Classical Music | 0 | 3 | 2 | 0 | 20 | 120 | 124.00 | 2 | 3 | 0.00 | 0.00 |
| Social Science | 0 | 2 | 2 | 0 | 10 | 76 | 98.50 | 2 | 2 | 0.00 | 0.00 |
| Fine Arts - Other | 0 | 1 | 0 | 0 | 10 | 117 | 117.00 | 1 | 1 | 0.00 | 0.00 |
| Geography | 0 | 1 | 0 | 0 | 10 | 91 | 91.00 | 1 | 1 | 0.00 | 0.00 |
| History - American | 0 | 1 | 0 | 0 | 10 | 111 | 111.00 | 0 | 1 | 0.00 | 0.00 |
| History - European | 0 | 1 | 0 | 1 | 10 | 129 | 129.00 | 0 | 1 | 0.00 | 0.00 |
| Literature - European | 0 | 2 | 2 | 0 | 10 | 123 | 126.00 | 2 | 2 | 0.00 | 0.00 |
| Other Academic | 0 | 1 | 0 | 1 | 10 | 153 | 153.00 | 0 | 1 | 0.00 | 0.00 |
| Current Events | 0 | 1 | 0 | 0 | 10 | 75 | 75.00 | 1 | 1 | 0.00 | 0.00 |
| Mythology | 0 | 1 | 1 | 1 | 5 | 141 | 141.00 | 0 | 1 | 0.00 | 0.00 |
| History - Other | 0 | 0 | 0 | 0 | 0 | 0.00 | 0 | 0 | 0.00 | 0.00 |